00234 a2200085 450000100060000004000220000624000260002824500240005465000700007850757 cAnchieta - Pituba10aPesquisas especiaisl10aPesquisas especiais 4aObras enciclopédicas gerais de línguas espanhola e portuguesa